Z majetku Svět daní. 13
Rozdelenie majetkových daní. Výnos z majetkových daní. Teórie majetkových daní. Dane z čistého bohatstva. Dane z nehnuteľností a z kapitálových transférov.
Gespeichert in:
| 1. Verfasser: | |
|---|---|
| Format: | Buchkapitel |
| Sprache: | Tschechisch |
| Schlagworte: | |
| Tags: |
Keine Tags, Fügen Sie das erste Tag hinzu!
|
MARC
| LEADER | 00000naa a2200000 4500 | ||
|---|---|---|---|
| 001 | r025983 | ||
| 005 | 20230920093650.6 | ||
| 041 | 0 | |a cze | |
| 044 | |a CZ | ||
| 245 | 1 | 0 | |a Z majetku |b Svět daní. 13 |c Květa Kubátová |
| 520 | |a Rozdelenie majetkových daní. Výnos z majetkových daní. Teórie majetkových daní. Dane z čistého bohatstva. Dane z nehnuteľností a z kapitálových transférov. | ||
| 610 | 2 | 0 | |a dane |
| 610 | 2 | 0 | |a dane majetkové |
| 610 | 2 | 0 | |a dane z nehnuteľností |
| 100 | 1 | |a Kubátová, Květa | |